al-Itbāʻ wa-al-muzāwajah : fīmā warada min kalām al-ʻArab mazdūjan /
Main Author:
Other Authors:
Format: Book
Language: Arabic
Published:
al-Qahirah : Baghdād :
Maktabat al-Khānjī ; Maktabat al-Muthanná,
[1947].
Subjects:
Tags: Add Tag
Call Number: PJ6167 .I23 1947
| LEADER | 01600nam a2200241Ia 4500 | ||
|---|---|---|---|
| 003 | OSt | ||
| 005 | 20230926084309.0 | ||
| 008 | 130303s1947 ua b 001 0 ara d | ||
| 952 | |0 0 |1 0 |2 lcc |4 0 |6 PJ6167 I23 01947 |7 1 |9 50239 |a ARCE |b ARCE |d 2023-09-26 |l 0 |o PJ6167 .I23 1947 |p 1026751 |r 2023-09-26 00:00:00 |w 2023-09-26 |y BK | ||
| 999 | |c 29999 |d 29999 | ||
| 040 | |c ARCE Library | ||
| 050 | 4 | |a PJ6167 .I23 1947 | |
| 100 | 1 | |6 880-01 |a Ibn Fāris al-Qazwīnī, Aḥmad, |d active 10th century, |e author | |
| 245 | 1 | 3 | |6 880-02 |a al-Itbāʻ wa-al-muzāwajah : |b fīmā warada min kalām al-ʻArab mazdūjan / |c li-Abī al-Ḥusayn Aḥmad ibn Fāris ; ḥaqqaqahu wa-ḍabaṭahu wa-ʻallaqa ḥawāshīhi wa-waḍaʻa fahārisahu Kamāl Muṣṭafá. |
| 264 | 1 | |a al-Qahirah : |b Maktabat al-Khānjī ; |a Baghdād : |b Maktabat al-Muthanná, |c [1947]. | |
| 300 | |a 98 pages ; |c 24 cm. | ||
| 504 | |a Includes bibliographical references and index. | ||
| 650 | 0 | |a Arabic language |x Terms and phrases |v Early works to 1800. | |
| 700 | 1 | |a Muṣṭafá, Kamāl. | |
| 880 | 1 | |6 100-01/(3/r |a ابن فارس القزويني، أحمد، |d نشط القرن 10. | |
| 880 | 1 | 2 | |6 245-02/(3/r |a الأتباع و المزاوجة : |b فيما ورد من كلام العرب مزدوجاً |c لأبى الحسين أحمد بن فارس ؛ حققه و ضبطه و علق حواشيه و وضع فهارسه كمال مصطفى. |
| 901 | |a reviewed | ||
| 942 | |c BK |2 lcc | ||
